000
00303pam a2200133 a 4500
020
_a
0-03-031389-9
_c
041
_h
082
_a
336
_b
HYM
100
_a
HYMAN D.N.,
245
_a
PUBLIC FINANCE
_h
Textual Documents
260
_a
LONDON
_b
THE DRYDEN PRESS
_c
1990
300
_a
XXIII+689
930
_a
7184
999
_c
126647
_d
126647